Loading...
| Science - Biology | 1 | 2 | 0 | 0 | 35 | 75 | 101.67 | 3 | 3 | 9.55 | 33.33 |
| Current Events | 1 | 2 | 0 | 0 | 35 | 35 | 64.00 | 3 | 3 | 23.32 | 42.86 |
| History - European | 2 | 0 | 0 | 0 | 30 | 41 | 55.50 | 2 | 2 | 13.68 | 16.67 |
| Science - Other | 0 | 3 | 0 | 1 | 30 | 94 | 117.33 | 2 | 3 | 7.02 | 31.25 |
| History - American | 1 | 2 | 1 | 0 | 30 | 61 | 93.67 | 1 | 3 | 12.43 | 25.00 |
| Science - Chemistry | 0 | 3 | 0 | 1 | 30 | 113 | 126.00 | 1 | 3 | 4.23 | 22.22 |
| History - World | 2 | 0 | 2 | 0 | 20 | 46 | 48.50 | 2 | 2 | 10.33 | 15.38 |
| Mythology | 1 | 0 | 0 | 0 | 15 | 50 | 50.00 | 1 | 1 | 10.58 | 16.67 |
| Social Science | 0 | 1 | 0 | 0 | 10 | 98 | 98.00 | 1 | 1 | 2.18 | 7.14 |
| Fine Arts - Other | 0 | 1 | 0 | 1 | 10 | 127 | 127.00 | 1 | 1 | 0.12 | 7.69 |
| History - Other | 1 | 0 | 1 | 0 | 10 | 56 | 56.00 | 1 | 1 | 11.64 | 20.00 |
| Philosophy | 0 | 1 | 0 | 1 | 10 | 145 | 145.00 | 0 | 1 | 0.08 | 5.56 |
| Short Fiction and Other | 0 | 1 | 0 | 1 | 10 | 148 | 148.00 | 1 | 1 | 0.15 | 5.56 |
| Literature - Drama | 0 | 1 | 1 | 0 | 5 | 97 | 97.00 | 0 | 1 | 5.46 | 7.14 |
| Literature - Poetry | 0 | 1 | 2 | 0 | 0 | 126 | 126.00 | 0 | 1 | 1.90 | 5.56 |
| Literature - Long Fiction | 0 | 0 | 1 | 0 | -5 | 0.00 | 0 | 0 | 0.00 | 0.00 | |
| Science - Physics | 0 | 0 | 1 | 0 | -5 | 0.00 | 0 | 0 | 0.00 | 0.00 | |
| Fine Arts - Painting and Sculpture | 0 | 0 | 1 | 0 | -5 | 0.00 | 0 | 0 | 0.00 | 0.00 | |
| Religion | 0 | 0 | 1 | 0 | -5 | 0.00 | 0 | 0 | 0.00 | 0.00 |